| 000 | 01798nam a2200397 a 4500 | ||
|---|---|---|---|
| 999 |
_c46733 _d46733 |
||
| 003 | BLK | ||
| 005 | 20250128005519.0 | ||
| 008 | 180408b bul|||||r ||||||| ||bul|| | ||
| 010 | _aKNG00050541000 | ||
| 040 | _aBLK | ||
| 041 |
_aBUL _cBUL |
||
| 080 |
_aВътрешна политика. Вж и 329 _b323 _x(497.2) _z323(497.2) |
||
| 080 |
_aПолитически партии и движения _b329 _x(497.2) _z329(497.2) |
||
| 080 |
_aСиндикати _b334.754 _x(091)(497.2) _z334.754(091)(497.2) |
||
| 100 | 1 |
_aДимитров, Георги _eпърви автор _gИванов, Георги Димитров _9364031 |
|
| 139 |
_aДимитров, Георги _bД 58 |
||
| 245 | 1 | 0 |
_aСъчинения _bТ. 1-14 _cГеорги Димитров; * Георги Димитров Михайлов. _nТ. 8 _pОкт. 1924 - авг. 1929 |
| 257 | _aBGR | ||
| 260 |
_bБКП _c1951-1955 _aСофия |
||
| 300 |
_c21 см _aVI, 480 с. |
||
| 380 | _a3 | ||
| 650 | 0 |
_aВътрешна политика - България _9249071 |
|
| 650 | 4 |
_aРаботническо движение - България _9247170 |
|
| 651 | 4 |
_aБългария _9241624 |
|
| 653 | _aвътрешна политика | ||
| 653 | _aсоциалдемократически партии | ||
| 653 | _aработническо движение | ||
| 653 | _aКоминтерн | ||
| 653 | _aБългария | ||
| 700 | 1 |
_aМихайлов, Георги Димитров _e* _9279944 |
|
| 760 | 1 |
_aДимитров, Георги _d1953 _hVI, 480 с. _nБиографична хроника. _tТ. 8. Окт. 1924 - авг. 1929 |
|
| 852 |
_aЦб 3983 _bЦб |
||
| 942 |
_cKNG _n0 _s1 |
||
| 944 |
_aCR _c01.03.2016 _k _lCRON CRON |
||
| 944 |
_aED _c2021-09-24 _kРенета Константинова |
||